000 00451nam a2200157 i 4500
001 66116
003 ES-MaACL
005 20230906165540.0
007 t|
008 040127s1916 it ||||1| ita d
100 1 _aGabrieli, Giuseppe.
_953167
245 1 0 _aManuale di bibliografia musulmana /
_cGiuseppe Gabrieli.
260 _aRoma :
_b[s.n.],
_c1916 (
_fTip. dell' Unione Editrice)
300 _aVIII, 491 p. ;
_c19 cm.
852 _aES-MaACL
_jF-6944
999 _c66116
_d66116